Salvador y el reloj despertador / (Record no. 193047)

MARC details
000 -CABECERA
campo de control de longitud fija 00690nam a2200217 u 4500
005 - FECHA Y HORA DE LA ÚLTIMA TRANSACCIÓN
campo de control 20240307063618.0
008 - ELEMENTOS DE LONGITUD FIJA--INFORMACIÓN GENERAL
campo de control de longitud fija 171013s2007 ea 000 0 spa d
020 ## - NÚMERO INTERNACIONAL NORMALIZADO PARA LIBROS
Número Internacional Estándar del Libro 1404266003
035 ## - NÚMERO DE CONTROL DEL SISTEMA
Número de control de sistema UPN01000220948
049 ## - COLECCIÓN
Colección I
050 #4 - SIGNATURA TOPOGRÁFICA DE LA BIBLIOTECA DEL CONGRESO
Número de clasificación LB3032
Número de documento/Ítem J3.7
100 1# - ASIENTO PRINCIPAL--NOMBRE PERSONAL
Nombre de persona James, Lincoln
9 (RLIN) 42025
245 10 - MENCIÓN DE TÍTULO
Título Salvador y el reloj despertador /
Mención de responsabilidad, etc. Lincoln James ; tr. José María Obregón.
260 ## - PUBLICACIÓN, DISTRIBUCIÓN, ETC.
Lugar de publicación, distribución, etc. New York :
Nombre del editor, distribuidor, etc. Rosen Classroom Books & Materials,
Fecha de publicación, distribución, etc. 2007.
300 ## - DESCRIPCIÓN FÍSICA
Extensión 8 p. :
Otras características físicas principalmente il. col.
440 #0 - MENCIÓN DE SERIE/ASIENTO SECUNDARIO--TÍTULO
Título Lecturas del barrio.
Nombre de parte o sección de la obra Perspectiva
650 #4 - ASIENTO SECUNDARIO DE MATERIA - TERMINO TEMATICO
Término de materia o nombre geográfico como elemento de entrada HORARIOS ESCOLARES
9 (RLIN) 22697
650 #4 - ASIENTO SECUNDARIO DE MATERIA - TERMINO TEMATICO
Término de materia o nombre geográfico como elemento de entrada Tiempo
Subdivisión de forma Literatura infantil
9 (RLIN) 23602
905 ## - TIPO DE MATERIAL
Tipo de material Infantil
Holdings
Estado de retiro Estado de pérdida Fuente del sistema de clasificación o colocación Estado dañado No para préstamo Código de colección Localización permanente Ubicación/localización actual Ubicación en estantería Fecha de adquisición Clasificación Código de barras Fecha visto por última vez Número de copia Tipo de ítem Koha
    Library of Congress Classification     Infantil Bib. Gregorio Torres Quintero Bib. Gregorio Torres Quintero Sala infantil Planta baja 11/05/2023 LB3032 J3.7 316589 31/12/2020 1 Libro